[Event "Caplin British Online-ch Women 2020"]
[Site "Online"]
[Date "2020.12.30"]
[Round "7.9"]
[White "Headlong, Georgia"]
[Black "Walker, Kate"]
[Result "1-0"]
[WhiteElo "1584"]
[BlackElo "1596"]
[Annotator "NA RC"]
[PlyCount "137"]
[EventDate "2020.12.21"]
[EventType "swiss"]
[EventCountry "NET"]
[SourceTitle "playchess.com"]
[Source "ChessBase"]
[SourceQuality "1"]

1. e4 {[%emt 0:00:03]} c6 {[%emt 0:00:04]} 2. Ne2 {[%emt 0:00:05]} d5 {[%emt 0:00:06]} 3. e5 {[%emt 0:00:03]} c5 {[%emt 0:00:09]} 4. b4 {[%emt 0:00:16]} cxb4 {[%emt 0:01:25]} 5. d4 {[%emt 0:00:19]} Nc6 {[%emt 0:01:10]} 6. a3 {[%emt 0:01:22]} Bg4 {[%emt 0:01:47]} 7. axb4 {[%emt 0:01:10]} Nxb4 {[%emt 0:00:57]} 8. c3 {[%emt 0:00:27]} Nc6 {[%emt 0:00:10]} 9. h3 {[%emt 0:01:48]} Bh5 {[%emt 0:00:16]} 10. g4 {[%emt 0:00:48]} Bg6 {[%emt 0:00:08]} 11. Ng3 {[%emt 0:00:38]} e6 {[%emt 0:01:03]} 12. h4 {[%emt 0:02:13]} Qb6 {[%emt 0:03:07]} 13. Bd3 {[%emt 0:01:23]} Bxd3 {[%emt 0:00:09]} 14. Qxd3 {[%emt 0:00:05]} Rc8 {[%emt 0:03:02]} 15. O-O {[%emt 0:04:22]} Nge7 {[%emt 0:01:58]} 16. Ba3 {[%emt 0:01:34]} Na5 {[%emt 0:01:13]} 17. Nd2 {[%emt 0:01:38]} Ng6 {[%emt 0:01:38]} 18. Bxf8 {[%emt 0:01:16]} Kxf8 {[%emt 0:02:26]} 19. h5 {[%emt 0:01:44]} Ne7 {[%emt 0:00:17]} 20. Rfb1 {[%emt 0:01:16]} Qc7 {[%emt 0:00:47]} 21. Qb5 {[%emt 0:06:52]} b6 {[%emt 0:04:14]} 22. Ra3 {[%emt 0:03:28]} Nec6 {[%emt 0:03:59]} 23. Ne2 {[%emt 0:02:36]} Qd7 {[%emt 0:00:15]} 24. Nc1 {[%emt 0:01:52]} Qe7 {[%emt 0:00:07]} 25. Rba1 {[%emt 0:00:49]} Qg5 {[%emt 0:00:15]} 26. Qe2 {[%emt 0:00:25]} Ke7 {[%emt 0:00:39]} 27. Nd3 {[%emt 0:03:21]} g6 {[%emt 0:02:04]} 28. f4 {[%emt 0:01:32]} Qh4 {[%emt 0:00:50]} 29. g5 {[%emt 0:01:06]} gxh5 {[%emt 0:01:48]} 30. Nf3 {[%emt 0:02:16]} Qg4+ {[%emt 0:01:08]} 31. Kf2 {[%emt 0:00:37]} Nc4 {[%emt 0:04:05]} 32. R3a2 {[%emt 0:00:52]} h4 {[%emt 0:01:18]} 33. Rg1 {[%emt 0:00:32]} Qh5 {[%emt 0:00:09]} 34. Rh1 {[%emt 0:00:34]} h3 {[%emt 0:00:23]} 35. Kg3 {[%emt 0:00:21]} N6a5 {[%emt 0:02:38]} 36. Rxh3 {[%emt 0:00:39]} Qg6 {[%emt 0:00:05]} 37. Nh4 {[%emt 0:00:38]} Qe4 {[%emt 0:00:27]} 38. Qxe4 {[%emt 0:00:05]} dxe4 {[%emt 0:00:02]} 39. Nf2 {[%emt 0:00:10]} e3 {[%emt 0:01:21]} 40. Ne4 {[%emt 0:00:12]} Rc7 {[%emt 0:02:15]} 41. Ng2 {[%emt 0:00:38]} Nb3 {[%emt 0:00:35]} 42. Re2 {[%emt 0:01:25]} Nc1 {[%emt 0:00:36]} 43. Re1 {[%emt 0:00:40]} Nd2 {[%emt 0:01:11]} 44. Rxc1 {[%emt 0:00:34]} Nxe4+ {[%emt 0:00:07]} 45. Kf3 {[%emt 0:00:20]} Nxc3 {[%emt 0:00:49]} 46. Nxe3 {[%emt 0:00:11]} a5 {[%emt 0:00:43]} 47. Nd1 {[%emt 0:00:24]} Nd5 {[%emt 0:00:12]} 48. Rb1 {[%emt 0:00:15]} a4 {[%emt 0:00:40]} 49. Ke4 {[%emt 0:00:10]} Kd7 {[%emt 0:00:23]} 50. Ra3 {[%emt 0:00:14]} Ra7 {[%emt 0:00:17]} 51. Ne3 {[%emt 0:00:19]} Nxe3 {[%emt 0:00:22]} 52. Kxe3 {[%emt 0:00:02]} Rb8 {[%emt 0:00:05]} 53. Kd3 {[%emt 0:00:15]} b5 {[%emt 0:00:10]} 54. Kc3 {[%emt 0:00:09]} Kc6 {[%emt 0:00:10]} 55. Kb4 {[%emt 0:00:06]} Kd5 {[%emt 0:00:08]} 56. Rh1 {[%emt 0:00:14]} Kxd4 {[%emt 0:00:36]} 57. Rxh7 {[%emt 0:00:03]} Ke4 {[%emt 0:00:04]} 58. g6 {[%emt 0:00:18]} Rc7 {[%emt 0:00:10]} 59. Rxf7 {[%emt 0:00:16]} Rc4+ {[%emt 0:00:34]} 60. Ka5 {[%emt 0:00:05]} Ra8+ {[%emt 0:00:39]} 61. Kxb5 {[%emt 0:00:25]} Rc1 {[%emt 0:01:17]} 62. Rxa4+ {[%emt 0:00:22]} Rxa4 {[%emt 0:00:02]} 63. Kxa4 {[%emt 0:00:01]} Rg1 {[%emt 0:00:03]} 64. g7 {[%emt 0:00:11]} Kd5 {[%emt 0:00:11]} 65. Kb4 {[%emt 0:00:18]} Rg4 {[%emt 0:00:07]} 66. Kb5 {[%emt 0:00:21]} Ke4 {[%emt 0:00:21]} 67. Kc6 {[%emt 0:00:07]} Rg1 {[%emt 0:00:43]} 68. Kd7 {[%emt 0:00:08]} Kd5 {[%emt 0:00:03]} 69. Ke7 {[%emt 0:00:18]} 1-0

[Event "Caplin British Online-ch Women 2020"]
[Site "Online"]
[Date "2020.12.30"]
[Round "7.10"]
[White "Wilson, Florence"]
[Black "Barry, Suzanne"]
[Result "1-0"]
[WhiteElo "1224"]
[BlackElo "1375"]
[Annotator "NA RC"]
[PlyCount "85"]
[EventDate "2020.12.21"]
[EventType "swiss"]
[EventCountry "NET"]
[SourceTitle "playchess.com"]
[Source "ChessBase"]
[SourceQuality "1"]

1. e4 {[%emt 0:00:16]} c5 {[%emt 0:00:06]} 2. Nf3 {[%emt 0:00:39]} d6 {[%emt 0:00:08]} 3. Bb5+ {[%emt 0:00:09]} Bd7 {[%emt 0:00:27]} 4. Bxd7+ {[%emt 0:00:05]} Qxd7 {[%emt 0:00:06]} 5. c4 {[%emt 0:00:05]} Nc6 {[%emt 0:00:19]} 6. d4 {[%emt 0:00:13]} cxd4 {[%emt 0:00:39]} 7. Nxd4 {[%emt 0:00:05]} e5 {[%emt 0:00:36]} 8. Nf3 {[%emt 0:00:34]} Nf6 {[%emt 0:01:07]} 9. Nc3 {[%emt 0:00:04]} Qg4 {[%emt 0:01:02]} 10. Nb5 {[%emt 0:00:35]} Qxe4+ {[%emt 0:04:33]} 11. Be3 {[%emt 0:00:26]} Kd7 {[%emt 0:00:48]} 12. Rc1 {[%emt 0:00:49]} a6 {[%emt 0:01:43]} 13. Nc3 {[%emt 0:00:33]} Qxc4 {[%emt 0:00:29]} 14. Ne2 {[%emt 0:00:31]} Qxa2 {[%emt 0:01:14]} 15. O-O {[%emt 0:00:12]} Qd5 {[%emt 0:04:24]} 16. Qc2 {[%emt 0:00:41]} Be7 {[%emt 0:03:22]} 17. Rcd1 {[%emt 0:00:41]} Qe4 {[%emt 0:01:15]} 18. Qb3 {[%emt 0:00:18]} b5 {[%emt 0:00:45]} 19. Qxf7 {[%emt 0:00:27]} g6 {[%emt 0:02:24]} 20. Nc3 {[%emt 0:00:48]} Raf8 {[%emt 0:02:57]} 21. Qg7 {[%emt 0:00:39]} Rhg8 {[%emt 0:04:46]} 22. Nxe4 {[%emt 0:00:16]} Rxg7 {[%emt 0:00:10]} 23. Nc5+ {[%emt 0:00:03]} Ke8 {[%emt 0:01:34]} 24. Ne6 {[%emt 0:00:31]} Rgf7 {[%emt 0:00:21]} 25. Nxf8 {[%emt 0:00:07]} Kxf8 {[%emt 0:00:12]} 26. Ng5 {[%emt 0:00:08]} d5 {[%emt 0:01:44]} 27. Nxf7 {[%emt 0:00:07]} Kxf7 {[%emt 0:00:03]} 28. Bg5 {[%emt 0:01:29]} d4 {[%emt 0:00:06]} 29. Rfe1 {[%emt 0:00:14]} a5 {[%emt 0:01:11]} 30. Rc1 {[%emt 0:00:04]} Nb4 {[%emt 0:00:21]} 31. Rcd1 {[%emt 0:04:29]} Nc6 {[%emt 0:00:50]} 32. Bd2 {[%emt 0:01:34]} b4 {[%emt 0:00:59]} 33. Rc1 {[%emt 0:00:09]} Nd8 {[%emt 0:01:30]} 34. Rxe5 {[%emt 0:00:14]} a4 {[%emt 0:00:19]} 35. Rc7 {[%emt 0:00:20]} Ne6 {[%emt 0:00:26]} 36. Bxb4 {[%emt 0:00:34]} Ng8 {[%emt 0:02:09]} 37. Ra7 {[%emt 0:01:05]} Kf6 {[%emt 0:00:12]} 38. Rb5 {[%emt 0:00:29]} d3 {[%emt 0:00:43]} 39. Bxe7+ {[%emt 0:00:21]} Nxe7 {[%emt 0:00:06]} 40. Rd7 {[%emt 0:00:03]} Nf4 {[%emt 0:00:49]} 41. g3 {[%emt 0:00:17]} Nfd5 {[%emt 0:00:14]} 42. Rbxd5 {[%emt 0:00:19]} Nxd5 {[%emt 0:00:03]} 43. Rxd5 {[%emt 0:00:03]} 1-0